Calcul mental - Les carrés des nombres de 1 à 100 - Statistiques

Statistiques générales
  • Ce quiz a été pris 183 fois
  • Le résultat moyen est 34 sur 100
Statistiques - réponses
Nombre Carré Indice % Correct
2 4
99%
1 1
98%
3 9
97%
6 36
95%
5 25
94%
4 16
93%
7 49
93%
10 100
92%
8 64 C'est dans mon pseudo.
92%
9 81
91%
11 121 Les coefficients du triangle de Pascal pour la puissance 2.
88%
12 144 Ecrivez une fois le carré de 1, puis deux fois le carré de 2.
87%
13 169 La fonction étant lentement croissante, le résultat est 1xx. Pour les 2 derniers chiffres, si vous êtes un(e) obsédé(e) sexuel(le), vous les trouverez très facilement.
87%
15 225 Les nombres se terminant par 5 ont leur carré qui se terminent par "25".
82%
14 196 Prenez les deux protagonistes précédants, et retournez-les.
78%
20 400
69%
16 256 C'est une puissance de 2, donc son carré est aussi une puissance de 2.
66%
17 289 Ajoutez 1 à chacun des chiffres de "17" pour trouver les deux premiers chiffres. Utilisez 7*7 pour le dernier.
66%
21 441 Mêmes chiffres que le carré de 12, dans l'ordre inverse.
66%
19 361 Ecrivez 19 sur une feuille, faites pivotez la feuille d'un demi-tour pour trouver les deux derniers chiffres.
61%
18 324 Taille de la tour Eiffel entre 2000 et 2022.
59%
22 484 22 est composé uniquement du chiffre 2, son carré uniquement de puissances de 2 (<10).
58%
24 576 Chiffres de 5 à 7 dans le désordre.
56%
25 625 Suite carré de 15 : pour trouver le nombre de centaines, multipliez le nombre de dizaines entières par son successeur (lui-même +1). Ici 2*3.
55%
23 529 Le nombre de secondes pour faire ce quiz.
52%
30 900
51%
31 961 Mêmes chiffres que le carré de 13, dans l'ordre inverse.
50%
26 676 C'est un palindrome dont les chiffres se suivent.
46%
27 729 On retrouve les chiffres de 27 dedans, ainsi que la somme de ses chiffres.
44%
32 1024 C'est une puissance de 2.
43%
40 1600
42%
50 2500
39%
33 1089 Mêmes chiffres que le carré de 99, dans l'ordre inverse.
38%
100 10000
37%
35 1225 cf 15 et 25.
36%
29 841
36%
28 784
35%
60 3600
33%
34 1156 Pour 34 et 67, deux fois le même chiffre, puis les chiffres qui suivent ceux du nombre dont on calcule le carré.
30%
45 2025 cf 15 et 25.
30%
38 1444 Il y a trois fois le même chiffre.
29%
70 4900
29%
36 1296 Peut se lire comme une suite décroissante de multiples de 3.
28%
37 1369 Ressemble beaucoup au début de la table de multiplication par 3.
28%
90 8100
28%
80 6400
27%
39 1521 Mort de Magellan.
26%
41 1681
25%
42 1764 Mêmes chiffres que le carré de 69.
24%
43 1849
24%
44 1936 Les JO de Berlin.
24%
55 3025 cf 15 et 25.
21%
47 2209
20%
46 2116
19%
48 2304
19%
49 2401
19%
51 2601
19%
52 2704
18%
64 4096 C'est une puissance de 2.
18%
65 4225 cf 15 et 25.
18%
53 2809
17%
54 2916
17%
61 3721
15%
56 3136
14%
62 3844
14%
63 3969 Que des chiffres multiples de 3.
14%
57 3249
13%
58 3364
13%
59 3481
13%
66 4356 Chiffres de 3 à 6 dans le désordre.
13%
67 4489 Pour 34 et 67, deux fois le même chiffre, puis les chiffres qui suivent ceux du nombre dont on calcule le carré.
13%
99 9801 Mêmes chiffres que le carré de 33, dans l'ordre inverse.
13%
75 5625 cf 15 et 25.
11%
95 9025 cf 15 et 25.
11%
85 7225 cf 15 et 25.
10%
68 4624
8%
69 4761 Mêmes chiffres que le carré de 42.
8%
71 5041
8%
76 5776 Comme 24², mais un chiffre se dédouble.
8%
81 6561
8%
82 6724
8%
83 6889 Peut se lire à l'endroit comme la tête en bas.
8%
88 7744 Le seul carré qui s'écrit sous la forme "XXYY".
8%
91 8281
8%
72 5184
7%
73 5329
7%
74 5476 Chiffres de 4 à 7 dans le désordre.
7%
77 5929
7%
78 6084
7%
79 6241
7%
89 7921
7%
92 8464
7%
93 8649
7%
94 8836
7%
86 7396
6%
87 7569
6%
96 9216
6%
97 9409
6%
98 9604
6%
84 7056
5%
Aucun quiz correspondant
Distribution des résultats
% des personnes avec chaque résultat
Percentile par nombre de réponses
Votre historique - résultats
Vous n’avez pas pris ce quiz